[Event "Bundesliga 2021-22"]
[Site "Dusseldorf GER"]
[Date "2022.04.30"]
[Round "5.8"]
[Board "8"]
[White "Lamby, Philipp"]
[Black "Dinstuhl, Volkmar"]
[Result "1-0"]
[BlackTitle "IM"]
[WhiteElo "2140"]
[BlackElo "2393"]
[WhiteTeam "Aachener SV"]
[BlackTeam "SV Muelheim Nord"]
[WhiteFideId "4657160"]
[BlackFideId "4613562"]
[EventDate "2022.03.05"]

1. e4 c5 2. c3 d6 3. d4 Nf6 4. dxc5 Nc6 5. Bc4 e6 6. Qe2 dxc5 7. Nf3 Be7 8. O-O
O-O 9. e5 Nd5 10. Qe4 b6 11. Nbd2 Bb7 12. Bd3 g6 13. Bc2 Qc7 14. Nc4 b5 15. Na3
a6 16. Bh6 Rfe8 17. Rae1 Rad8 18. Qg4 Bf8 19. Bxf8 Rxf8 20. h4 Kg7 21. h5 c4 22.
Ng5 Qe7 23. Nxh7 Rg8 24. hxg6 Kh8 25. Ng5 fxg6 26. Qh3+ Kg7 27. Nxe6+ 1-0

[Event "Bundesliga 2021-22"]
[Site "Munich GER"]
[Date "2022.05.01"]
[Round "6.1"]
[Board "1"]
[White "Jones, Gawain C B"]
[Black "Postny, Evgeny"]
[Result "1-0"]
[WhiteTitle "GM"]
[BlackTitle "GM"]
[WhiteElo "2672"]
[BlackElo "2568"]
[WhiteTeam "Muenchener Schachclub 1836"]
[BlackTeam "BCA Augsburg"]
[WhiteFideId "409561"]
[BlackFideId "2804344"]
[EventDate "2022.03.05"]

1. e4 e5 2. Nf3 Nc6 3. d4 exd4 4. Nxd4 Bc5 5. Nb3 Bb6 6. Nc3 Nge7 7. Bf4 d6 8.
Qd2 a5 9. Bb5 O-O 10. O-O-O Be6 11. Be3 Bxe3 12. Qxe3 Na7 13. Be2 Nac6 14. f4 a4
15. Nc5 a3 16. Nxe6 axb2+ 17. Kb1 fxe6 18. Bc4 Kh8 19. Bxe6 Ra5 20. h4 b5 21.
Bb3 b4 22. Ne2 Qe8 23. g4 Rc5 24. h5 h6 25. g5 hxg5 26. fxg5 Na5 27. Nf4 Nxb3
28. Ng6+ Kh7 29. Nxf8+ Qxf8 30. g6+ Kh8 31. Qxb3 1-0

[Event "Bundesliga 2021-22"]
[Site "Munich GER"]
[Date "2022.05.01"]
[Round "6.1"]
[Board "2"]
[White "Nestorovic, Nikola"]
[Black "Maghsoodloo, Parham"]
[Result "0-1"]
[WhiteTitle "GM"]
[BlackTitle "GM"]
[WhiteElo "2456"]
[BlackElo "2701"]
[WhiteTeam "BCA Augsburg"]
[BlackTeam "Muenchener Schachclub 1836"]
[WhiteFideId "934526"]
[BlackFideId "12539929"]
[EventDate "2022.03.05"]

1. e4 c5 2. Nf3 d6 3. d4 cxd4 4. Nxd4 Nf6 5. Nc3 a6 6. Be3 e5 7. Nf3 Qc7 8. a4
h6 9. a5 Be6 10. Be2 Nbd7 11. O-O Rc8 12. Ne1 Be7 13. Bf3 Qb8 14. Nd3 Rc4 15.
Bd2 Qc8 16. Qe1 Bd8 17. b3 Rc6 18. Nb4 Rc5 19. Na4 Rxa5 20. Nd5 Rxa4 21. Nxf6+
Nxf6 22. Rxa4 Qxc2 23. Qc1 Qxc1 24. Rxc1 Bd7 25. Ra2 Ke7 26. Bb4 Bb6 27. Rd2 Ne8
28. Rcd1 Bc6 29. Kf1 h5 30. h4 Rh6 31. Rc2 Nc7 32. Bd2 Rh8 33. Bb4 Nb5 34. Bc3
g6 35. Bb2 a5 36. Rcc1 Bd4 37. Rc2 Ra8 38. Bc1 Nc3 39. Re1 b5 40. Be3 b4 41.
Bxd4 Bb5+ 42. Kg1 exd4 43. Rd2 d3 44. Bd1 Nb1 45. Rb2 d2 0-1

[Event "Bundesliga 2021-22"]
[Site "Munich GER"]
[Date "2022.05.01"]
[Round "6.1"]
[Board "3"]
[White "Eljanov, Pavel"]
[Black "Rozentalis, Eduardas"]
[Result "1-0"]
[WhiteTitle "GM"]
[BlackTitle "GM"]
[WhiteElo "2681"]
[BlackElo "2539"]
[WhiteTeam "Muenchener Schachclub 1836"]
[BlackTeam "BCA Augsburg"]
[WhiteFideId "14102951"]
[BlackFideId "12800023"]
[EventDate "2022.03.05"]

1. d4 Nf6 2. c4 e6 3. Nf3 b6 4. g3 Bb7 5. Bg2 Be7 6. O-O O-O 7. Re1 Na6 8. Nc3
Ne4 9. h4 Nxc3 10. bxc3 Be4 11. Bf1 Bxf3 12. exf3 c6 13. Bd3 Nc7 14. Qc2 h6 15.
Qe2 d5 16. Bc2 Qd7 17. Qd3 f5 18. Kg2 Bd6 19. a4 Rae8 20. a5 b5 21. c5 Be7 22.
Bf4 Bd8 23. h5 Na6 24. g4 Bc7 25. Bg3 Rf6 26. Re2 Bxg3 27. fxg3 Kf8 28. Re5 fxg4
29. fxg4 Ke7 30. g5 hxg5 31. Rxg5 Kd8 32. Rf1 Rxf1 33. Qxf1 Qc7 34. Bg6 Rh8 35.
Bf7 Qe7 36. Rxg7 e5 37. h6 Rxh6 38. Rg8+ Kc7 39. Qf5 Qd7 40. Qxe5+ Kb7 41. Bh5
Rh7 42. Bg4 Rh2+ 43. Kxh2 Qh7+ 44. Kg2 Qxg8 45. Be6 Qd8 46. Qg7+ Nc7 47. Bd7 Ka6
48. Bxc6 Kxa5 49. Qh7 Ka4 50. Qb1 Ka3 51. Bxb5 1-0

[Event "Bundesliga 2021-22"]
[Site "Munich GER"]
[Date "2022.05.01"]
[Round "6.1"]
[Board "4"]
[White "Arnaudov, G. Petar"]
[Black "Saric, Ivan"]
[Result "0-1"]
[WhiteTitle "GM"]
[BlackTitle "GM"]
[WhiteElo "2469"]
[BlackElo "2687"]
[WhiteTeam "BCA Augsburg"]
[BlackTeam "Muenchener Schachclub 1836"]
[WhiteFideId "2907127"]
[BlackFideId "14508150"]
[EventDate "2022.03.05"]

1. d4 d6 2. Nf3 Nf6 3. c3 g6 4. Bg5 Nbd7 5. Nbd2 h6 6. Bh4 Bg7 7. e4 g5 8. Bg3
Nh5 9. Nc4 Ndf6 10. e5 Nd5 11. Qb3 c6 12. exd6 Nxg3 13. hxg3 exd6 14. O-O-O O-O
15. Bd3 b5 16. Ncd2 Rb8 17. Bb1 f5 18. Rde1 Bd7 19. Qc2 Qf6 20. Qd3 a5 21. g4 b4
22. gxf5 bxc3 23. bxc3 Nf4 24. Qc4+ d5 25. Qc5 Bxf5 0-1

[Event "Bundesliga 2021-22"]
[Site "Munich GER"]
[Date "2022.05.01"]
[Round "6.1"]
[Board "5"]
[White "Berchtenbreiter, Maximilian"]
[Black "Braeuer, Franz"]
[Result "0-1"]
[WhiteTitle "IM"]
[BlackTitle "IM"]
[WhiteElo "2513"]
[BlackElo "2428"]
[WhiteTeam "Muenchener Schachclub 1836"]
[BlackTeam "BCA Augsburg"]
[WhiteFideId "24641120"]
[BlackFideId "24634468"]
[EventDate "2022.03.05"]

1. c4 Nf6 2. Nc3 e6 3. e4 d5 4. e5 d4 5. exf6 dxc3 6. bxc3 Qxf6 7. Nf3 b6 8. d4
h6 9. Bd3 Bb7 10. Ne5 Bd6 11. Qa4+ c6 12. f4 O-O 13. O-O c5 14. Bd2 Qd8 15. Be3
Qc7 16. Rae1 Nc6 17. Ng4 Ne7 18. Qc2 cxd4 19. cxd4 Nf5 20. Bf2 Bxf4 21. d5 Rae8
22. Qa4 Qb8 23. Qd1 Bc8 24. Qa4 Bb7 25. Qd1 Bc8 26. Qa4 Rd8 27. Re4 Bd6 28. Qd1
exd5 29. cxd5 Rfe8 30. Qf3 Rf8 31. Nf6+ Kh8 32. Rg4 Be5 33. Nh5 g6 34. Nf4 Qd6
35. Rc1 Bd7 36. g3 Rc8 37. Re1 Bg7 38. Ne6 fxe6 39. Rxg6 Qxd5 40. Be4 Qd2 41.
Qh5 Rc1 0-1

[Event "Bundesliga 2021-22"]
[Site "Munich GER"]
[Date "2022.05.01"]
[Round "6.1"]
[Board "6"]
[White "Schmittdiel, Eckhard"]
[Black "Radovanovic, Nikola"]
[Result "1/2-1/2"]
[WhiteTitle "GM"]
[BlackTitle "IM"]
[WhiteElo "2402"]
[BlackElo "2419"]
[WhiteTeam "BCA Augsburg"]
[BlackTeam "Muenchener Schachclub 1836"]
[WhiteFideId "4600096"]
[BlackFideId "900087"]
[EventDate "2022.03.05"]

1. Nf3 Nf6 2. c4 g6 3. g3 Bg7 4. Bg2 O-O 5. O-O d6 6. Nc3 e5 7. d4 Nbd7 8. b3
Re8 9. e3 c6 10. a4 e4 11. Nd2 d5 12. cxd5 cxd5 13. Nb5 Re6 14. Ba3 Bf8 15. Bxf8
Nxf8 16. b4 h5 17. Rc1 Re7 18. Qb3 Bf5 19. Rc2 Ne6 20. Rfc1 Kg7 21. h4 a6 22.
Nc3 g5 23. hxg5 Nxg5 24. Ne2 Qd6 25. Nf4 Rh8 26. Rc5 Be6 27. b5 a5 28. b6 h4 29.
gxh4 Rxh4 30. Rc7 Nh3+ 31. Bxh3 Bxh3 32. Rxe7 Qxe7 33. Rc7 Qe8 34. Nf1 Bg4 35.
Ng3 Qh8 36. Qa3 Qe8 37. Rxb7 Qc6 38. Qe7 Qc1+ 39. Nf1 Rh1+ 40. Kxh1 Qxf1+ 41.
Kh2 Qxf2+ 42. Ng2 Bh5 43. Qe5 Kg6 44. Qg3+ Ng4+ 45. Kh3 Qf1 46. Kh4 Qf6+ 47. Kh3
Qf1 48. Kh4 1/2-1/2

[Event "Bundesliga 2021-22"]
[Site "Munich GER"]
[Date "2022.05.01"]
[Round "6.1"]
[Board "7"]
[White "Ciolek, Andreas"]
[Black "Costa, Leonardo"]
[Result "1/2-1/2"]
[WhiteTitle "FM"]
[BlackTitle "FM"]
[WhiteElo "2191"]
[BlackElo "2320"]
[WhiteTeam "Muenchener Schachclub 1836"]
[BlackTeam "BCA Augsburg"]
[WhiteFideId "12906727"]
[BlackFideId "16213955"]
[EventDate "2022.03.05"]

1. d4 d5 2. Nf3 Nf6 3. g3 e6 4. Bg2 Be7 5. O-O O-O 6. c4 dxc4 7. Qc2 a6 8. a4
Bd7 9. Qxc4 Bc6 10. Bg5 Bd5 11. Qc2 Be4 12. Qc1 h6 13. Bxf6 Bxf6 14. Nbd2 Bxf3
15. Nxf3 a5 16. e3 Na6 17. Ne1 c6 18. Nd3 Qb6 19. Qc4 Rac8 20. Rac1 g6 21. Rfd1
Rfd8 22. Nc5 Nxc5 23. Qxc5 Qxc5 24. Rxc5 Ra8 25. b3 Be7 26. Rcc1 Ba3 27. Ra1 Bb4
28. Rac1 Rd6 29. Kf1 Rad8 30. Ke2 Kg7 31. f4 Ba3 32. Ra1 Bb4 33. Rac1 Ba3 34.
Ra1 Bb4 1/2-1/2

[Event "Bundesliga 2021-22"]
[Site "Munich GER"]
[Date "2022.05.01"]
[Round "6.1"]
[Board "8"]
[White "Pitl, Gregory"]
[Black "Hennig, Dirk"]
[Result "1/2-1/2"]
[WhiteTitle "IM"]
[BlackTitle "IM"]
[WhiteElo "2379"]
[BlackElo "2385"]
[WhiteTeam "BCA Augsburg"]
[BlackTeam "Muenchener Schachclub 1836"]
[WhiteFideId "4651693"]
[BlackFideId "4601750"]
[EventDate "2022.03.05"]

1. e4 c6 2. d4 d5 3. Nc3 dxe4 4. Nxe4 Nf6 5. Nxf6+ exf6 6. c3 Bd6 7. Bd3 O-O 8.
Qc2 g6 9. Ne2 Re8 10. h4 Re7 11. Bh6 Be6 12. h5 Qe8 13. O-O-O Nd7 14. Nf4 Bxf4+
15. Bxf4 Nf8 16. Kb1 Rd8 17. Be3 b5 18. Qe2 Bd5 19. Qg4 Qd7 20. Qxd7 Nxd7 21.
Rhg1 Nb6 1/2-1/2

[Event "Bundesliga 2021-22"]
[Site "Munich GER"]
[Date "2022.05.01"]
[Round "6.2"]
[Board "1"]
[White "Huschenbeth, Niclas"]
[Black "Nisipeanu, Liviu-Dieter"]
[Result "1/2-1/2"]
[WhiteTitle "GM"]
[BlackTitle "GM"]
[WhiteElo "2611"]
[BlackElo "2652"]
[WhiteTeam "FC Bayern Muenchen"]
[BlackTeam "USV TU Dresden"]
[WhiteFideId "24604747"]
[BlackFideId "1202758"]
[EventDate "2022.03.05"]

1. e4 c5 2. Nf3 e6 3. d4 cxd4 4. Nxd4 Nf6 5. Nc3 Nc6 6. Qd3 d6 7. Bg5 Be7 8.
O-O-O O-O 9. h4 Bd7 10. Be2 Rc8 11. Qg3 Nxd4 12. Rxd4 Qc7 13. h5 d5 14. Bf4 Qb6
15. Be5 Rxc3 16. Qxc3 Nxe4 17. Rxe4 dxe4 18. Bxg7 Qxf2 19. Bxf8 Bxf8 20. h6 Qxe2
21. Qg3+ Kh8 22. Qe5+ Kg8 23. Qg5+ Kh8 24. Qf6+ Kg8 25. Qg5+ Kh8 26. Qf6+ 1/2-1/2

[Event "Bundesliga 2021-22"]
[Site "Munich GER"]
[Date "2022.05.01"]
[Round "6.2"]
[Board "2"]
[White "Bartel, Mateusz"]
[Black "Alonso Rosell, Alvar"]
[Result "1/2-1/2"]
[WhiteTitle "GM"]
[BlackTitle "GM"]
[WhiteElo "2616"]
[BlackElo "2565"]
[WhiteTeam "USV TU Dresden"]
[BlackTeam "FC Bayern Muenchen"]
[WhiteFideId "1112635"]
[BlackFideId "2270544"]
[EventDate "2022.03.05"]

1. e4 c6 2. d4 d5 3. e5 c5 4. Nf3 cxd4 5. Nxd4 Nc6 6. Nxc6 bxc6 7. Bd3 e6 8. Nd2
Ne7 9. Nf3 Ba6 10. O-O Bxd3 11. Qxd3 Qd7 12. Bd2 c5 13. c4 Nc6 14. Rfe1 Be7 15.
Rac1 h6 16. a3 O-O 17. b4 cxb4 18. cxd5 exd5 19. Qb5 Nb8 20. Qxd7 Nxd7 21. Rc7
Rfd8 22. axb4 Bf8 23. Ra1 Nb6 24. Kf1 Nc4 25. Bc3 a6 26. Ke2 Rdb8 27. Ra4 Rb6
28. Kd3 Rab8 29. Rd7 Rg6 30. Bd4 Nb6 31. Bxb6 Rgxb6 32. Rxd5 Bxb4 33. Nd4 Be1
34. f4 Rb2 35. Ra1 1/2-1/2

[Event "Bundesliga 2021-22"]
[Site "Munich GER"]
[Date "2022.05.01"]
[Round "6.2"]
[Board "3"]
[White "Johansson, Linus"]
[Black "Vogel, Roven"]
[Result "1-0"]
[WhiteTitle "IM"]
[BlackTitle "IM"]
[WhiteElo "2473"]
[BlackElo "2447"]
[WhiteTeam "FC Bayern Muenchen"]
[BlackTeam "USV TU Dresden"]
[WhiteFideId "1711113"]
[BlackFideId "12908088"]
[EventDate "2022.03.05"]

1. d4 Nf6 2. c4 e6 3. Nc3 d5 4. cxd5 exd5 5. Bg5 Be7 6. e3 O-O 7. Bd3 h6 8. Bf4
Re8 9. h3 Bd6 10. Nge2 c6 11. Qc2 a5 12. O-O Nh5 13. Bxd6 Qxd6 14. Na4 Nd7 15.
Rfc1 Qe7 16. Kf1 Qd6 17. g4 Nhf6 18. Kg2 h5 19. g5 Ne4 20. Bxe4 dxe4 21. Nf4 Qe7
22. Kh2 Qxg5 23. Rg1 Qh4 24. Rg3 Nf8 25. Nb6 Rb8 26. Rag1 Ng6 27. Nxg6 fxg6 28.
Nxc8 Rbxc8 29. Qb3+ Kh8 30. Qxb7 Qe7 31. Qxe7 Rxe7 32. Rxg6 c5 33. d5 Rf8 34.
R1g2 a4 35. Ra6 Rb7 36. Rxa4 Rxb2 37. Rxe4 Rfxf2 38. Rxf2 Rxf2+ 39. Kg3 Rd2 40.
Re8+ Kh7 41. e4 g5 42. a4 Rd3+ 43. Kg2 c4 44. Rc8 Kg7 45. a5 Kf6 46. Rxc4 Ra3
47. Rc8 Rxa5 48. Re8 Ra2+ 49. Kf3 Ra3+ 50. Ke2 Rxh3 51. d6 Rh2+ 52. Kd3 Rh1 53.
Kc2 Rh2+ 54. Kc3 Rh1 55. d7 Rd1 56. d8=Q+ Rxd8 57. Rxd8 1-0

[Event "Bundesliga 2021-22"]
[Site "Munich GER"]
[Date "2022.05.01"]
[Round "6.2"]
[Board "4"]
[White "Neef, Maximilian"]
[Black "Lokander, Martin"]
[Result "0-1"]
[WhiteTitle "IM"]
[BlackTitle "IM"]
[WhiteElo "2504"]
[BlackElo "2475"]
[WhiteTeam "USV TU Dresden"]
[BlackTeam "FC Bayern Muenchen"]
[WhiteFideId "24692085"]
[BlackFideId "1709569"]
[EventDate "2022.03.05"]

1. Nf3 c5 2. g3 g6 3. Bg2 Bg7 4. c4 Nc6 5. Nc3 e6 6. d3 Nge7 7. h4 h6 8. Bd2 d5
9. Rb1 b6 10. a3 Bb7 11. O-O O-O 12. Qc1 Kh7 13. b4 cxb4 14. axb4 dxc4 15. dxc4
Nf5 16. c5 bxc5 17. bxc5 Rb8 18. Bf4 e5 19. Nxe5 Bxe5 20. Bxe5 Nxe5 21. Bxb7 Qd4
22. Nb5 Qg4 23. Bg2 Qxe2 24. Nxa7 Rxb1 25. Qxb1 Nf3+ 26. Bxf3 Qxf3 27. Qd1 Qa3
28. Qa1 Qxc5 29. Rc1 Qd5 30. Nc6 Rc8 31. Nb4 Qd4 32. Rb1 Rc3 33. Kg2 Qe4+ 34.
Kh2 Rf3 35. Qa2 Nxh4 36. gxh4 Qg4 37. Rb3 Qh3+ 38. Kg1 Rxb3 39. Nd5 Qg4+ 40. Kf1
Qd1+ 0-1

[Event "Bundesliga 2021-22"]
[Site "Munich GER"]
[Date "2022.05.01"]
[Round "6.2"]
[Board "5"]
[White "Ribli, Zoltan"]
[Black "Boensch, Uwe"]
[Result "1/2-1/2"]
[WhiteTitle "GM"]
[BlackTitle "GM"]
[WhiteElo "2523"]
[BlackElo "2494"]
[WhiteTeam "FC Bayern Muenchen"]
[BlackTeam "USV TU Dresden"]
[WhiteFideId "700010"]
[BlackFideId "4611268"]
[EventDate "2022.03.05"]

1. Nf3 d5 2. g3 Nf6 3. Bg2 e6 4. O-O Be7 5. c4 O-O 6. d4 dxc4 7. Qc2 a6 8. a4
Bd7 9. Qxc4 Bc6 10. Bf4 Bd6 11. Qc1 Bxf4 12. Qxf4 Qd6 13. Qc1 Bxf3 14. Bxf3 c6
15. Rd1 e5 16. dxe5 Qxe5 17. Nd2 Nbd7 18. Nc4 Qc7 19. Qf4 Qxf4 20. gxf4 Rfd8 21.
Na5 Rab8 22. Bxc6 bxc6 23. Nxc6 Re8 24. Nxb8 Rxb8 25. Rd6 Ra8 26. Rad1 Ra7 27.
e4 Nf8 28. Rc6 Nxe4 29. Rd8 f5 30. Rcc8 Rf7 31. b4 Nf6 32. Ra8 Nh5 33. Rxa6 Nxf4
34. Raa8 Ne6 35. Rd6 Nf4 36. Rdd8 Ne6 37. Rd1 Rb7 38. b5 Kf7 39. Rb1 Nc7 40. Rc8
Nfe6 41. b6 Ke7 42. a5 Kd7 43. Rh8 Na6 44. Rxh7 Kc6 45. Rh8 Rd7 46. Ra8 Nec5 47.
Ra7 Rb7 48. h4 Nb8 49. Kg2 Nbd7 50. Kg3 g6 51. Rc1 Rxa7 52. bxa7 Kb7 53. f3 Kxa7
54. Rd1 Nf8 55. Kf4 Ka6 56. Ke5 Kxa5 57. Rd8 Kb5 58. Rc8 Kc4 59. Kd6 Ne6 60. Rg8
Nf4 61. Ke5 Ncd3+ 62. Kf6 Kd4 63. Re8 1/2-1/2

[Event "Bundesliga 2021-22"]
[Site "Munich GER"]
[Date "2022.05.01"]
[Round "6.2"]
[Board "6"]
[White "Maiwald, Jens-Uwe"]
[Black "Schneider, Stefan"]
[Result "1/2-1/2"]
[WhiteTitle "GM"]
[BlackTitle "IM"]
[WhiteElo "2426"]
[BlackElo "2375"]
[WhiteTeam "USV TU Dresden"]
[BlackTeam "FC Bayern Muenchen"]
[WhiteFideId "4612396"]
[BlackFideId "1703013"]
[EventDate "2022.03.05"]

1. Nf3 d5 2. g3 c6 3. Bg2 Bg4 4. h3 Bh5 5. O-O Nd7 6. d3 e6 7. c4 Bd6 8. cxd5
exd5 9. e4 Ne7 10. Nc3 O-O 11. g4 Bg6 12. Nh4 dxe4 13. dxe4 Nc5 14. Be3 Nc8 15.
Nxg6 hxg6 16. e5 Be7 17. f4 Nb6 18. b3 Qc7 19. Qc2 Rad8 20. Kh1 Nd3 21. Rad1 Nb4
22. Qe2 N6d5 23. Nxd5 Nxd5 24. Bd2 Rfe8 25. e6 Bf6 26. exf7+ Qxf7 27. Qf3 Bd4
28. Rde1 Bc5 29. Rxe8+ Rxe8 30. f5 Be3 31. Qd1 Bxd2 32. Qxd2 Ne3 33. Rf3 Nxg2
34. Kxg2 1/2-1/2

[Event "Bundesliga 2021-22"]
[Site "Munich GER"]
[Date "2022.05.01"]
[Round "6.2"]
[Board "7"]
[White "Lindgren, Philip"]
[Black "Gauglitz, Gernot"]
[Result "1/2-1/2"]
[WhiteTitle "IM"]
[BlackTitle "IM"]
[WhiteElo "2356"]
[BlackElo "2392"]
[WhiteTeam "FC Bayern Muenchen"]
[BlackTeam "USV TU Dresden"]
[WhiteFideId "1713230"]
[BlackFideId "4611365"]
[EventDate "2022.03.05"]

1. d4 Nf6 2. c4 g6 3. Nf3 Bg7 4. Nc3 d5 5. Qb3 dxc4 6. Qxc4 O-O 7. e4 Na6 8. Be2
c5 9. d5 e6 10. O-O exd5 11. exd5 Bf5 12. Nh4 Bd7 13. Rd1 Re8 14. Be3 Rc8 15.
Nf3 Qa5 16. a4 Nb4 17. Rd2 a6 18. Qh4 Bf5 19. d6 Nc2 20. Bg5 Nd7 21. Rc1 Nd4 22.
Be7 Qb4 23. Bd1 Bf8 24. Nxd4 cxd4 25. Qxd4 Qxd4 26. Rxd4 Bxe7 27. dxe7 Rxe7 28.
Bf3 Ne5 29. Be4 Be6 30. Rcd1 Nc4 31. Rd8+ Rxd8 32. Rxd8+ Kg7 33. Rb8 Bd5 34.
Nxd5 Rxe4 35. f3 Rd4 36. Nc3 Nxb2 37. Rxb7 Nxa4 38. Nxa4 Rxa4 39. Kf2 Ra2+ 40.
Kg3 g5 41. Rb6 h5 42. h4 f6 43. Rc6 Ra5 44. Rb6 Kg6 45. hxg5 Rxg5+ 46. Kh3 a5
47. Ra6 Rc5 48. Kh4 Rb5 49. Ra8 Rb4+ 50. Kh3 a4 51. g3 Kg5 52. Ra5+ f5 53. f4+
Kg6 54. Ra6+ Kg7 55. Kh4 Rb3 56. Rxa4 Kg6 57. Ra6+ Kg7 58. Ra8 Kg6 59. Rg8+ Kf6
60. Kxh5 Kf7 61. Rg5 Kf6 62. Kh4 Rb8 63. Kh3 Rh8+ 64. Kg2 Ra8 65. Rh5 Kg6 66.
Rh1 Ra2+ 67. Kh3 Ra3 68. Rb1 Rc3 69. Rb6+ Kg7 70. Kh4 Ra3 71. Rb7+ Kg6 72. Rb6+
Kg7 73. Kg5 Rxg3+ 74. Kxf5 Ra3 75. Rb7+ Kf8 76. Kg5 Ra6 77. f5 Rc6 78. Rb8+ Kf7
79. Rb7+ Kf8 80. Rh7 Ra6 81. Rh6 Rxh6 82. Kxh6 Kf7 83. f6 Kxf6 1/2-1/2

[Event "Bundesliga 2021-22"]
[Site "Munich GER"]
[Date "2022.05.01"]
[Round "6.2"]
[Board "8"]
[White "Loxine, Jakov"]
[Black "Rafiee, Makan"]
[Result "1-0"]
[WhiteTitle "IM"]
[BlackTitle "FM"]
[WhiteElo "2390"]
[BlackElo "2338"]
[WhiteTeam "USV TU Dresden"]
[BlackTeam "FC Bayern Muenchen"]
[WhiteFideId "4173031"]
[BlackFideId "24609340"]
[EventDate "2022.03.05"]

1. Nf3 d5 2. g3 Nd7 3. d4 Nb6 4. Bg2 Bf5 5. O-O e6 6. Nbd2 Be7 7. b3 Nf6 8. Bb2
O-O 9. c4 Ne4 10. Rc1 c6 11. Ne5 Nxd2 12. Qxd2 h6 13. f3 a5 14. c5 Nd7 15. Nd3
Bh7 16. Rc2 Qb8 17. e4 Rd8 18. Qe3 Bf8 19. Rfc1 Qa7 20. e5 Rdc8 21. Bf1 b6 22.
Ba3 bxc5 23. dxc5 Rcb8 24. f4 Be4 25. Rc3 Be7 26. Nf2 Bh7 27. Bd3 Bxd3 28. Nxd3
Rd8 29. R3c2 Nb8 30. g4 Na6 31. Rf1 Rab8 32. f5 Nb4 33. Bxb4 axb4 34. f6 Bf8 35.
g5 g6 36. gxh6 Kh7 37. Qd4 Bxh6 38. Rf3 Rh8 39. Rh3 Kg8 40. Kg2 Qa5 41. Rf2 Qa3
42. Rh4 Bg5 43. Rg4 Rh5 44. Nf4 Bxf4 45. Qxf4 Ra8 46. Rg5 Rh6 47. h4 Kh7 48. h5
Rg8 49. Kf3 Qa6 50. Ke3 d4+ 51. Ke4 Qc8 52. Rh2 Qf8 53. hxg6+ fxg6 54. f7 Rh8
55. Rgg2 Rh5 56. Rxh5+ gxh5 57. Rg5 Qh6 58. Qh4 1-0

[Event "Bundesliga 2021-22"]
[Site "Solingen GER"]
[Date "2022.05.01"]
[Round "6.3"]
[Board "1"]
[White "Mamedyarov, Shakhriyar"]
[Black "Khenkin, Igor"]
[Result "1/2-1/2"]
[WhiteTitle "GM"]
[BlackTitle "GM"]
[WhiteElo "2776"]
[BlackElo "2509"]
[WhiteTeam "SC Viernheim"]
[BlackTeam "SK Doppelbauer Turm Kiel"]
[WhiteFideId "13401319"]
[BlackFideId "4659600"]
[EventDate "2022.03.05"]

1. c4 e5 2. g3 c6 3. d4 e4 4. Qa4 Na6 5. a3 Nc7 6. Nc3 f5 7. f3 Nf6 8. Bg2 d5 9.
cxd5 Ncxd5 10. fxe4 Nxc3 11. bxc3 Nxe4 12. Qc2 Qa5 13. Bb2 Be6 14. Nh3 O-O-O 15.
O-O Bc4 16. Ng5 Nd6 17. Nf3 g6 18. Ne5 Bh6 19. Bc1 Bxc1 20. Rfxc1 Rhe8 21. Rab1
Rxe5 22. dxe5 Qxe5 23. Rd1 Bxe2 24. Re1 Qc5+ 25. Kh1 Bc4 26. Rbd1 Ne4 27. Rxd8+
Kxd8 28. Qd1+ Bd5 29. Bxe4 fxe4 30. Qd4 Qxd4 31. cxd4 b5 32. Kg1 a5 33. Rb1 Bc4
34. Kf2 Bd3 35. Rc1 Kd7 36. Ke3 b4 37. axb4 axb4 38. Kd2 b3 39. Kc3 Bc2 40. Ra1
Kd6 41. Ra5 h5 42. Re5 e3 43. Rxe3 c5 44. dxc5+ Kxc5 45. Re5+ 1/2-1/2

[Event "Bundesliga 2021-22"]
[Site "Solingen GER"]
[Date "2022.05.01"]
[Round "6.3"]
[Board "2"]
[White "Bjerre, Jonas Buhl"]
[Black "Kryvoruchko, Yuriy"]
[Result "1/2-1/2"]
[WhiteTitle "GM"]
[BlackTitle "GM"]
[WhiteElo "2601"]
[BlackElo "2683"]
[WhiteTeam "SK Doppelbauer Turm Kiel"]
[BlackTeam "SC Viernheim"]
[WhiteFideId "1444948"]
[BlackFideId "14109182"]
[EventDate "2022.03.05"]

1. e4 e5 2. Nf3 Nc6 3. Bb5 Nf6 4. d3 Bc5 5. c3 O-O 6. O-O d6 7. Re1 Ne7 8. d4
Bb6 9. a4 c6 10. Bf1 Ng6 11. Nbd2 Re8 12. h3 h6 13. Qc2 Bc7 14. dxe5 Nxe5 15.
Nxe5 Rxe5 16. Nc4 Re6 17. Bf4 d5 18. Bxc7 Qxc7 19. exd5 Nxd5 20. Bd3 Bd7 21.
Bh7+ Kf8 22. Bf5 Rxe1+ 23. Rxe1 Re8 24. Rxe8+ Bxe8 25. Qd2 b6 26. Be4 Nf6 1/2-1/2

[Event "Bundesliga 2021-22"]
[Site "Solingen GER"]
[Date "2022.05.01"]
[Round "6.3"]
[Board "3"]
[White "Korobov, Anton"]
[Black "Thybo, Jesper Sondergaard"]
[Result "1-0"]
[WhiteTitle "GM"]
[BlackTitle "GM"]
[WhiteElo "2695"]
[BlackElo "2590"]
[WhiteTeam "SC Viernheim"]
[BlackTeam "SK Doppelbauer Turm Kiel"]
[WhiteFideId "14105730"]
[BlackFideId "1438832"]
[EventDate "2022.03.05"]

1. Nf3 Nf6 2. g3 c5 3. Bg2 Nc6 4. O-O e5 5. d3 d5 6. e4 d4 7. a4 Bd6 8. Nh4 O-O
9. Nf5 Bc7 10. Bg5 h6 11. Bh4 Kh7 12. g4 g5 13. Bg3 Ne7 14. h4 Ng6 15. hxg5 hxg5
16. Bf3 Rh8 17. Kg2 Nf4+ 18. Bxf4 exf4 19. Rh1+ Kg6 20. Nd2 Rb8 21. Qe2 Nd7 22.
Rxh8 Qxh8 23. Rh1 Qf8 24. Qe1 Ne5 25. Rh5 Kf6 26. Rh6+ Ng6 27. e5+ Ke6 28. Ne4
Kd7 29. e6+ 1-0

[Event "Bundesliga 2021-22"]
[Site "Solingen GER"]
[Date "2022.05.01"]
[Round "6.3"]
[Board "4"]
[White "Meshkovs, Nikita"]
[Black "Amin, Bassem"]
[Result "1-0"]
[WhiteTitle "GM"]
[BlackTitle "GM"]
[WhiteElo "2561"]
[BlackElo "2683"]
[WhiteTeam "SK Doppelbauer Turm Kiel"]
[BlackTeam "SC Viernheim"]
[WhiteFideId "11602740"]
[BlackFideId "10601457"]
[EventDate "2022.03.05"]

1. d4 Nf6 2. c4 g6 3. Nc3 Bg7 4. e4 d6 5. h3 O-O 6. Nf3 e5 7. d5 a5 8. g4 Na6 9.
Be3 Nd7 10. a3 Nb6 11. Rg1 Kh8 12. Nd2 Bd7 13. Bd3 Nc5 14. Bc2 a4 15. Qe2 c6 16.
O-O-O cxd5 17. cxd5 Rc8 18. Kb1 Na8 19. h4 h6 20. h5 g5 21. Bxc5 Rxc5 22. Bxa4
b5 23. Bxb5 Bxb5 24. Nxb5 Qb6 25. a4 Nc7 26. Nxc7 Rxc7 27. Rg3 Ra8 28. Rb3 Qd4
29. Rc1 Rxc1+ 30. Kxc1 Qxa4 31. Rc3 Bf6 32. Qc4 Qd7 33. Qc6 Ra1+ 34. Kc2 Qd8 35.
Qc8 Kg7 36. Qxd8 Bxd8 37. Nc4 Bc7 38. Ne3 Bb6 39. Nf5+ Kh7 40. Nxd6 Bxf2 41. Rc7
Be3 42. Kd3 Bd4 43. Nxf7 Bxb2 44. d6 1-0